00421nam a22001457a 450000500170000000800410001702000150005804100130007308200150008610000240010124500360012526000560016130000320021765000260024920231107091540.0231107b |||||||| |||| 00| 0 eng d a0409055859 aEnglish  a346.47 SMI aSmith, A lEnglish  aCopyright Companion / cA Smith aDurban : bButterworth Publishers (Pty) Ltd, c1995 bviii, 191 pages ; c25 cm.  aLegal practice bLaw